Výsadná listina uhorského kráľa Karola III. pre Šaľu z roku 1725

Bibliographic Details
Other Authors: Nováková, Veronika (Translator)
Format: Article
Language:Slovak
Latin
PhysicalDescription:Fotogr.
ISBN:9788096966059
Subjects:

MARC

LEADER 00000nab a2200000 ar4500
001 vtls010024428
003 SK-MaSNL
005 20260305022421.0
008 091124|2007 xo |||||||||||||| ||slo
015 |a SNBRA2009/11  |2 snkbucl 
038 |a SNKBUCL 
040 |a SNKBUCL  |b slo  |e AACR2  |c SNKBUCL 
041 1 |a slo  |h lat 
044 |a xo  |c SK 
080 |a 94(439)"1725"  |2 2001 
080 |a 34  |x (439)  |x "1725"  |2 2001 
245 0 0 |a Výsadná listina uhorského kráľa Karola III. pre Šaľu z roku 1725  |c preklad Veronika Nováková 
300 |b Fotogr. 
504 |a Bibliogr. odkazy 
600 1 7 |a Karol  |b III.,  |c uhorský, český a španielsky kráľ, rímskonemecký cisár,  |d 1685-1740  |2 snkbucl 
648 7 |a 1725  |2 snkbucl  |9 537747 
650 0 7 |a mestá  |2 snkbucl  |9 2929 
650 0 7 |a výsadné listiny  |2 snkbucl  |9 83774 
650 0 7 |a mestské privilégiá  |2 snkbucl  |9 57370 
651 7 |a Šaľa (Slovensko)  |2 snkbucl  |9 27574 
655 7 |a texty  |2 snkbucl  |9 70511 
700 1 |a Nováková, Veronika  |4 trl  |9 233361 
773 0 |t Archivum Sala : archívna ročenka III  |d Šaľa : Štátny archív v Bratislave, pobočka Šaľa, 2007  |g S. 175-176  |z 9788096966059 
852 |a SNK  |b KIS3GCP 
999 |c 3290649  |d 3292579